A három ásítás Beregújfalusi mese ; Illusztr. Géza Balázsy

Bibliographic Details
Other Authors: Balázsy, Géza, 1959- (Illustrator)
Format: Article
Language:Hungarian
Slovak
Subjects:

MARC

LEADER 00000nab a2200000 a 4500
001 vtls000639739
003 SK-MaSNL
005 20260305044640.0
008 160314c1998 xo 0 hun
015 |a SNBRB19rr/mm-uuuuu 
035 |a CL0639878 
040 |a SNKBUCL  |b slo  |c SNKBUCL  |e AACR2 
041 0 |a slo 
044 |a xo  |c SK 
080 |a 894.511 (477.87)-93=945.11  |2 1981 
080 |a 398.2  |2 1981 
245 0 0 |a A három ásítás  |b Beregújfalusi mese ; Illusztr. Géza Balázsy 
650 0 7 |a ľudové rozprávky  |2 snkbucl  |9 73195 
700 1 |a Balázsy, Géza,  |d 1959-  |4 ill  |9 88598 
773 0 |t Tücsök  |g Roč. 8, č. 2 (1997/1998), s. 8 
850 |a Slovenská národná knižnica v Martine  |a DSG001 
852 |a SNK  |b KIS3GCP 
958 |a HU 
958 |a LX 
958 |a UA 
958 |a NX 
958 |a RK 
958 |a RBX 
999 |c 3359813  |d 3361743